Sports Quiz

Random Sports or Famous Quiz

Famous hairstyles in sports Quiz Stats

 Plays Quiz not verified by Sporcle

Score 0/16 Timer 05:00
0 Plays Today
Sport (Sample team) Athlete % Correct
NBA (Bulls, '95-'98)Dennis Rodman
94.1%
NBA (Suns, '04-Present)Steve Nash
84.9%
MLB (Red Sox, '02-'05)Johnny Damon
84%
NBA (Pistons, '00-'06)Ben Wallace
82.7%
NFL (Steelers, '03-Present)Troy Polamalu
81.9%
NBA (Bulls, '07-Present)Joakim Noah
79.4%
MLB (Giants, '07-Present)Tim Lincecum
77.9%
Tennis (1986-2006)Andre Agassi
77.8%
Sport (Sample team) Athlete % Correct
Soccer (Man. United, '93-'03)David Beckham
77%
Boxing promoterDon King
71.7%
MLB (Mariners, '89-'98)Randy Johnson
56.6%
NHL (Penguins, '90-'01)Jaromir Jagr
55.9%
Soccer (Real Madrid, '02-'07)Ronaldo
45%
NBA (Cavaliers, '04-'08)Drew Gooden
33.8%
Soccer (Colombia national, '85-'98)Carlos Valderrama
16.7%
NHL (Hurricanes, '05-'08)Mike Commodore
8.1%

You're not logged in!

Compare scores with friends on all Sporcle quizzes.
OR
Log In

Show Comments

Extras

Top Quizzes Today


Score Distribution

Your Account Isn't Verified!

In order to create a playlist on Sporcle, you need to verify the email address you used during registration. Go to your Sporcle Settings to finish the process.

Report this User

Report this user for behavior that violates our Community Guidelines.

Details: